Statistiques concernant Dieux et déesses de la mythologie grecque

Cliquez ici pour prendre le quiz!

Statistiques générales

  • Ce quiz a été pris 5 647 fois
  • Le résultat moyen est 11 sur 14

Statistiques - réponses

HintRéponse% Correct
Dieu de la merPoséidon
98%
Dieu des enfersHadès
96%
Dieu du cielZeus
95%
Déesse de l'amourAphrodite
87%
Dieu de la guerreArès
84%
Dieu du vinDionysos
80%
Déesse de la chasseArtémis
78%
Déesse des mariagesHéra
77%
Dieu du voyageHermès
74%
Déesse de l'intelligenceAthéna
72%
Déesse des céréalesDéméter
67%
Dieu du feuHéphaïstos
65%
Dieu de la lumièreApollon
63%
Déesse du foyerHestia
59%

Distribution des résultats

Percentile par nombre de réponses

% des personnes avec chaque résultat

Votre développement - résultats

Vous n’avez pas pris ce quiz